000 00674cam a2200205 4500
082 _a624.18341
_bDUN
_cL-19, P-31
100 1 _aDunham, Clarence W.
_926832
245 1 4 _aThe theory and practice of reinforced concrete.
250 _a3d ed.
260 _aNew York,
_bMcGraw-Hill,
_c1953.
300 _a499 p.
_billus.
_c24 cm.
490 1 _aMcGraw-Hill series in civil engineering
526 _a0
_b0
_c0
_d624_183410000000000_DUN
650 0 _aReinforced concrete construction.
650 7 _aDetalhamento No Concreto Armado
_926906
650 7 _aEstruturas De Concreto
_926905
650 7 _aExecucao De Obras De Concreto
_926907
650 7 _aMCE
_9379
942 _2ddc
_cBK
999 _c546977
_d546977